000 00721nam a22002897a 4500
001 BR6000986
003 BR-BrBNA
005 20230928095511.0
007 ta
008 230509b bl.||||| |||| 00| 0 por d
040 _aBR-BrBNA
_bpor
_cBiblioteca Nacional de Agricultura
041 _a(Por)
072 _aN10
090 _ N10 BR6000986
100 1 _aSoares, E.V.
245 1 _aArmazens e silos. Preservacao de graos alimenticios
260 3 _aRio de Janeiro, GB (Brasil):
_c1964.
300 _a194 p.
500 _a23 ref.
650 _aArmazem
650 _aSilo
650 _aPreservacao de Alimento
650 _aGrao
650 _aSilagem
909 _a202309
_bLucia
_c55
_dLucia Elande
942 _cBK
999 _c56930
_d56930